00343nam a2200133Ia 45000030006000000080041000060400015000471000017000622450063000792600032001423000006001745460012001800050017001920STCL150530s9999 xx 000 0 und d aSTCLcSTCL aSharma, S.C. aIndian Journal Of Biochemistry and Biophysics ; April-2008 bNISCAIR; Delhic2008aDelhi a0 aEnglish20220125165920.0